Phức chất trong hóa học Giáo trình dùng cho sinh viên nghành hóa.sinh, y, dược....các trường đại học, cao đẳng. Dùng cho giáo viên hóa học phổ thông

Na minha lista:
Detalhes bibliográficos
Autor principal: Hồ, Viết Quý
Formato: Livro
Idioma:Undetermined
Publicado em: H. KHKT 2000
Assuntos:
Acesso em linha:http://lrc.tdmu.edu.vn/opac/search/detail.asp?aID=2&ID=5996
Tags: Adicionar Tag
Sem tags, seja o primeiro a adicionar uma tag!
Thư viện lưu trữ: Trung tâm Học liệu Trường Đại học Thủ Dầu Một
LEADER 00761nam a2200205Ia 4500
001 TDMU_5996
008 210410s9999 xx 000 0 und d
082 |a 540 
090 |b H450 
100 |a Hồ, Viết Quý 
245 0 |a Phức chất trong hóa học 
245 0 |b Giáo trình dùng cho sinh viên nghành hóa.sinh, y, dược....các trường đại học, cao đẳng. Dùng cho giáo viên hóa học phổ thông 
245 0 |c Hồ Viết Quý 
260 |a H. 
260 |b KHKT 
260 |c 2000 
300 |a 467tr 
650 |a Hóa học  |x Phức chất 
856 |u http://lrc.tdmu.edu.vn/opac/search/detail.asp?aID=2&ID=5996 
980 |a Trung tâm Học liệu Trường Đại học Thủ Dầu Một